Hospodárska súťaž vo verejnom obstarávaní na Ukrajine: súčasný stav a problémy

Stav hospodárskej súťaže v systéme verejného obstarávania na Ukrajine.

Guardado en:
Detalles Bibliográficos
Autor principal: Medzhybovska, Nataliia
Formato: Capítulo de libro
Lenguaje:inglés
Materias:
Etiquetas: Agregar Etiqueta
Sin Etiquetas, Sea el primero en etiquetar este registro!

MARC

LEADER 00000naa$a2200000$$$4500
001 0290218
005 20240417075222.9
041 0 |a eng 
044 |a CZ 
245 1 0 |a Hospodárska súťaž vo verejnom obstarávaní na Ukrajine: súčasný stav a problémy  |c Nataliia Medzhybovska 
520 |a Stav hospodárskej súťaže v systéme verejného obstarávania na Ukrajine. 
610 2 0 |a príjmy 
610 2 0 |a skupiny sociálne 
610 2 0 |a stredná Európa 
610 2 0 |a Ukrajina 
610 2 0 |a súťaž hospodárska 
610 2 0 |a obstarávanie verejné 
100 1 |a Medzhybovska, Nataliia